|
|
|
|
| LEADER |
00000cam a2200000 7i4500 |
| 001 |
0000027708 |
| 005 |
20160712093000.0 |
| 090 |
0 |
0 |
|a PJ6031
|b .Y3 1988
|
| 100 |
0 |
|
|a يعقوب، اميل بديع ,
|e author
|
| 245 |
1 |
0 |
|a موسوعة الحروف في اللغة العربية
|c اميل بديع يعقوب
|
| 260 |
2 |
|
|a Bayrut :
|b Dar al-Jil ,
|c 1988
|
| 300 |
|
|
|a 662 p. ;
|c 25 cm.
|
| 504 |
|
|
|a Includes bibliographical references (p. 621-623) and indexes
|
| 650 |
|
0 |
|a Arabic alphabet
|
| 650 |
|
0 |
|a Arabic language
|x Particles
|
| 745 |
0 |
0 |
|a Mawsuat al-huruf fi al-lughah al-Arabiyah
|
| 999 |
|
|
|a 1000047214
|b Book
|c Reference
|e Gong Badak Campus
|